AUDITING (Record no. 47976)

000 -LEADER
fixed length control field 00287nam a2200133Ia 4500
008 - FIXED-LENGTH DATA ELEMENTS--GENERAL INFORMATION
fixed length control field 250402s9999 xx 000 0 und d
020 ## - INTERNATIONAL STANDARD BOOK NUMBER
International Standard Book Number 9789357789990
082 ## - DEWEY DECIMAL CLASSIFICATION NUMBER
Classification number 658
Item number JHA-A
100 ## - MAIN ENTRY--PERSONAL NAME
Personal name JHA ARUNA
245 #0 - TITLE STATEMENT
Title AUDITING
260 ## - PUBLICATION, DISTRIBUTION, ETC.
Name of publisher, distributor, etc. TAXMANN'S
Date of publication, distribution, etc. 2024
300 ## - PHYSICAL DESCRIPTION
Extent 173
942 ## - ADDED ENTRY ELEMENTS (KOHA)
Koha item type Reference Book
Holdings
Withdrawn status Lost status Damaged status Not for loan Collection code Permanent Location Current Location Shelving location Date acquired Cost, normal purchase price Full call number Barcode Date last seen Price effective from Koha item type
        School of Management Maharishi School of Business & Management (Lucknow) Maharishi School of Business & Management (Lucknow) R64S3 2025-04-02 350.00 658 9313 2025-04-02 2025-04-02 Reference Book

All Rights Reserved@MUIT

Powered by Koha